Petit Bac #20 - Communes Italiennes - Statistiques

Statistiques générales
  • Ce quiz a été pris 1 951 fois
    1 355 depuis la dernière actualisation
  • Le résultat moyen est 11 sur 18
Statistiques - réponses
1ère Lettre Commune (50.000 hab. +) % Correct
R Rome / Reggio de Calabre / Reggio d'Émilie / Ravenne / Rimini / Raguse / Rovigo / Rho
97%
T Turin / Trieste / Tarente / Trente / Terni / Trévise / Torre del Greco / Trapani / Tivoli / Trani / Teramo
96%
M Milan / Messine / Modène / Monza / Marsala / Massa / Matera / Marano di Napoli / Molfetta / Moncalieri / Manfredonia / Modica / Montesilvano / Mazara del Vallo
95%
V Venise / Vérone / Vicence / Varèse / Viterbe / Vittoria / Vigevano / Viareggio / Velletri
94%
P Palerme / Padoue / Parme / Prato / Pérouse / Pescara / Plaisance / Pesaro / Pistoia / Pise / Pouzzoles / Pavie / Potenza / Pomezia / Portici / Pordenone
92%
B Bologne / Bari / Brescia / Bergame / Bolzane / Barletta / Brindisi / Busto Arsizio / Bénévent / Bisceglie / Bagheria / Bitonto / Battipaglia
91%
F Florence / Foggia / Ferrare / Forlì / Fiumicino / Fano / Faenza / Foligno
91%
N Naples / Novare
89%
C Catane / Cagliari / Cesena / Catanzaro / Côme / Corigliano-Rossano / Casoria / Cinisello Balsamo / Caserte / Crémone / Carpi / Cosenza / Castellammare di Stabia / Crotone / Carrare / Caltanissetta / Cerignola / Coni / Cava de' Tirreni / Civitavecchia / Chieti / Campobasso
80%
G Gênes / Giugliano in Campania / Guidonia Montecelio / Grosseto / Gela / Gallarate
74%
S Salerne / Sassari / Syracuse / Sesto San Giovanni / Savone / Sanremo / Sienne / San Severo / Scandicci / Scafati
65%
L Livourne / Latina / Lecce / La Spezia / Lucques / Lamezia Terme / L'Aquila / Legnano
53%
U Udine
47%
A Ancône / Andria / Arezzo / Alexandrie / Astie / Aprilia / Altamura / Afragola / Agrigento / Acerra / Anzio / Avellino / Aversa / Acireale
39%
I Imola
13%
O Olbia
13%
E Ercolano
3%
Q Quartu Sant'Elena
3%
Aucun quiz correspondant
Distribution des résultats
% des personnes avec chaque résultat
Percentile par nombre de réponses
Votre historique - résultats
Vous n’avez pas pris ce quiz depuis la dernière actualisation